000 00939nam a2200289Ia 4500
003 CO-BoRNBP
005 20230602162503.0
007 ta
008 000030 2014 ck a g spa spa
020 _a9789583009938
040 _aCO-BoRNBP
_bspa
_erda
_cCO-BoRNBP
041 _aspa
084 _aC ALA7
100 1 _aAlape, Arturo
_92368
245 1 3 _aEl caimán soñador
_cArturo Alape ; ilustraciones Patricia Acosta
250 _aPrimera edición
264 _aBogotá
_bPanamericana Editorial
_c2014
300 _a38 páginas
_bilustraciones a color
_c23 cm
336 _atexto
_btxt
_2rdacontent
337 _asin mediación
_bn
_2rdamedia
338 _avolumen
_bnc
_2rdacarrier
650 1 4 _2LEMB
_aCuentos infantiles colombianos
_92369
650 1 4 _2LEMB
_aLiteratura infantil colombiana
_934
650 1 4 _2LEMB
_aCaimanes en la literatura
_92370
700 1 _aAcosta, Patricia
_eilustradora
_9373
942 _cBKINF
999 _c9628
_d9628